000 00861nmm a2200277 a 4500
003 AR-X00000XY
005 20251128211911.0
008 067020s1997 ||||||||||||||000 | spa||
020 _a958-96213-1-7
040 _cAR-X00000XY
110 1 _aColombia
_bMinisterio de Cultura
245 1 0 _aMuseo Nacional de Colombia
_bel monumento y sus colecciones
250 _a1ª ed.
260 _aBogotá
_bMuseo Nacional de Colombia
_c1997
300 1 _axliii, 187 p.
_bil., láms. col.
500 0 _aDonación de la Embajada de Colombia en Buenos Aires
610 1 4 _aMuseo Nacional de Colombia
650 4 _aMUSEOS NACIONALES
650 4 _aMONUMENTOS
650 4 _aCOLECCIONES DE MUSEOS
651 4 _aColombia
710 1 _aMuseo Nacional de Colombia
710 1 _aAsociación de Amigos del Museo Nacional de Colombia
942 _cBK
998 _cNancy
999 _c21539
_d21539